Storia della notte

Uloženo v:
Podrobná bibliografie
Hlavní autor: Tóibín, Colm
Médium: Kniha
Jazyk:neznámý jazyk
Vydáno: Roma Fazi 2000
Tagy: Přidat tag
Žádné tagy, Buďte první, kdo vytvoří štítek k tomuto záznamu!

MARC

LEADER 00000nam a2200000Ia 4500
001 360
003 NUMERAZIONE-ORIGINALE-BRESCIA
005 20260310134434.0
008 260206s9999 xx 000 0 und d
040 |c arcigay brescia 
100 |a Tóibín, Colm 
245 0 |a Storia della notte 
260 |a Roma  |b Fazi  |c 2000 
500 |a Le strade 
942 |2 ddc  |c BK  |n 0 
952 |0 0  |1 0  |2 ddc  |4 0  |6 13  |7 0  |9 28557  |a BS  |b BS  |d 2026-02-06  |i 360  |l 0  |o 1-3-*  |r 2026-02-06 22:40:37  |w 2026-02-06  |x [REVISIONARE]  |y BK 
999 |c 24223  |d 24223